Statistics for The Rise and Fall of Ziggy Stardust - David Bowie

Click here to take the quiz!

General Stats

  • This quiz has been taken 25 times
  • The average score is 9 of 11

Answer Stats

Answer% Correct
Star
100%
Five Years
96%
Starman
96%
Ziggy Stardust
96%
Rock 'n' Roll Suicide
92%
Suffragette City
92%
Lady Stardust
88%
Moonage Daydream
79%
Soul Love
79%
It Ain't Easy
71%
Hang On to Yourself
54%

Score Distribution

Percentile by Number Answered

Percent of People with Each Score

Your Score History

You have not taken this quiz